El hombre y la gente

Uloženo v:
Podrobná bibliografie
Médium: Kniha
Jazyk:španělština
Vydáno: Madrid Revista de Occidente 1981
Vydání:2a. ed
Témata:
Tagy: Přidat tag
Žádné tagy, Buďte první, kdo vytvoří štítek k tomuto záznamu!

MARC

LEADER 00000nam a2200000 a 4500
001 UCW9782
003 CL-VaPUC
008 890620e19810000SP |||||||||||||||||spa|d
082 0 4 |a 196.1  |b ORT  |2 21 
245 1 3 |a El hombre y la gente 
250 |a 2a. ed 
300 |a 287 p 
942 |c BK 
945 |d 19890620 00:00:00 
260 |a Madrid  |b Revista de Occidente  |c 1981 
650 0 |a Filosofía española   |9 254895 
650 0 |a Ensayos españoles  |9 313128 
583 |a last modification  |c 20121002 10:51:03  |k Rodrigo Vera 
999 |c 221665  |d 221663 
952 |0 0  |1 0  |4 0  |6 196_100000000000000_ORT_1981  |7 0  |8 A  |9 215378  |a BIBEDU  |b BIBEDU  |d 2019-11-15  |i 283796K  |o 196.1 ORT 1981  |p 283796K  |r 2019-11-15  |w 2019-11-15  |y BK  |k FIL